000 01064cam a2200205 4500
001 WB3929-10
008 030729n2003 000 0 eng u
035 _a(Sirsi) u123141
245 _aHousing plans and green space
260 _c2003
490 _aRegeneration and Renewal
_v 25 July 2003, 10(1)
520 _aNew research by environmental regeneration agency Groundwork argues that the reversal of decline in housing renewal areas is one of the greatest challenges facing the government. The report's recommendation include that the new regional boards should include plans to improve liveability and housing related environment as an integral part of regional housing strategy. For the full report: 'On the home front: improving the housing environment and delivering 'sustainable communities', 'http://www.groundwork.org.uk/policy/reports/Home-Front-0307.doc
590 _aWB
650 _aHOUSING STRATEGIES
650 _aREGIONAL HOUSING BOARDS
650 _aGROUNDWORK
650 _aGREEN SPACE
690 _aHOUSING-DEVELOPMENT
942 _n0
999 _c73125
_d73125